|
|
|
|
| LEADER |
00000ny a22000003n 4500 |
| 005 |
20110609124853.0 |
| 008 |
070510s2008 sp f 000 0 spa c |
| 020 |
|
|
|a 9788497722155
|
| 035 |
|
|
|a 2425
|
| 040 |
|
|
|a NoBUC-ULE.DE
|d vLex
|
| 080 |
|
|
|a 340.113
|
| 080 |
|
|
|a 340.12
|
| 090 |
|
|
|c 610
|d 610
|
| 100 |
1 |
|
|a Endicott, Timothy A.O.
|
| 245 |
1 |
3 |
|a La vaguedad en el derecho
|h [Recurso electrn̤ico]
|c Timothy A.O. Endicott ; traduccin̤ de J. Alberto del Real Alcal,̀ Juan Vega Gm̤ez, con la colaboracin̤ de Enrique Rodrg̕uez e Imer B. Flores
|
| 256 |
|
|
|a Servicio en ln̕ea
|
| 260 |
|
|
|a Madrid :
|b Dykinson,
|c 2008
|
| 300 |
|
|
|a p. ;
|c cm.
|
| 506 |
1 |
|
|a Contenido solo disponible en los productos indicados
|d vLex Global
|d vLex Global (Academic Edition, excluding Law Schools)
|d vLex Global (U.S. Academic Edition, Law Schools)
|d vLex Global (U.S. Academic Edition, excluding Law Schools)
|d vLex Global (Academic Edition, Law Schools)
|
| 650 |
0 |
7 |
|a Filosofa̕ del derecho
|2 Tesauro vLex
|
| 650 |
0 |
7 |
|a Teora̕ General del Derecho
|2 Tesauro vLex
|
| 700 |
1 |
|
|a Flores, Imer B.,
|e col
|
| 700 |
1 |
|
|a Real Alcal,̀ J. Alberto del,
|e trad
|
| 700 |
1 |
|
|a Rodrg̕uez, Enrique,
|e col
|
| 700 |
1 |
|
|a Vega Gm̤ez, Juan,
|e trad
|
| 740 |
0 |
|
|a vLex Libros (Servicios en ln̕ea)
|
| 856 |
4 |
0 |
|u http://vlex.com/source/2425
|z Acceso restringido
|
| 942 |
|
|
|c BOOK
|
| 999 |
0 |
|
|a Law--Philosophy
|b Madrid
|